000 01467nam a2200481 i 4500
001 43548
003 KOSZ 005
005 20220316134542.0
008 040107s2003 pl a |001 0 pol
015 _aUWD 2004/1095
020 _a8371979010
035 _a991022182949705066
035 _a(PL-WaBN)b15986640-48omnis_nlop
035 _ab15986640
035 _a(OCoLC)749160856
035 _azz2003831360
035 _a(PL)b0000001598664
035 _a(EXLNZ-48OMNIS_NETWORK)9910434111405606
040 _aWA N
_cWA N
_dKOSZ 005/HR
041 0 _apol
046 _k2003
080 _a004.42
080 _a004.67
080 _a(07)
100 1 _aFlanczewski, Sergiusz
_eAutor
245 1 0 _aExcel w biurze i nie tylko /
_cSergiusz Flanczewski.
260 _aGliwice :
_b"Helion",
_ccop. 2003.
300 _a260, [4] s. :
_brys., tab. ;
_c24 cm +
_eCD-ROM.
336 _aTekst
_btxt
_2rdacontent
337 _aBez urządzenia pośredniczącego
_bn
_2rdamedia
338 _aWolumin
_bnc
_2rdacarrier
380 _aKsiążki
388 _a2001-
504 _aIndeks.
650 7 _aArkusz kalkulacyjny
_2DBN
650 7 _aExcel
_2DBN
655 7 _aPodręcznik
_2DBN
658 _aInformatyka i technologie informacyjne
710 2 _aHelion
_4pbl
856 _uhttp://koha.tu.koszalin.pl/cgi-bin/koha/opac-detail.pl?biblionumber=43548
_yKatalog online BPK
942 _2UKD
_cKS
999 _c43548
_d43548